000
00319nam a22001217a 4500
008
180518b xxu||||| |||| 00| 0 eng d
041
_a
eng
080
_a
043.3
100
_a
0
101
_a
MBE-BA
245
_a
Karakteristikat e Ndermarresit dhe Ndikimi i tij ne Performancen e Kompanise
_c
Musliu, S
942
_2
udc
_c
BK
999
_c
45949
_d
45949